00369 a2200121 450000500170000000800410001702000180005804100080007610000160008424501250010026000140022530000080023920240928125614.0240928b |||||||| |||| 00| 0 eng d a9789390684151 aeng aMajumdar P. aLearn Emotion Analysis With RcPerform Sentiment Assessment, Extract Emotions and Learn NLP Techniques Using R and Shiny bBPBc2024 a530